K-pop: KiiiKiii Members - Images - Statistics

General Stats
  • This quiz has been taken 40 times
  • The average score is 4 of 5
Answer Stats
Picture Answer % Correct
Jiyu
96%
Haum
87%
Kya
74%
Leesol
74%
Sui
65%
No matching quizzes found
Score Distribution
Percent of People with Each Score
Percentile by Number Answered
Your Score History
You have not taken this quiz